000 00590nam a2200217Ia 4500
003 OSt
005 20220928133530.0
006 a|||||r|||| 00| 0
007 ta
008 220927b |||||||| |||| 00| 0 eng d
024 _a34786
037 _cTextual
040 _aSDCL
_cSDCL
_beng
041 _2eng
_aeng
082 _aV2:2:(Z), M4.1-.2
100 _aHidayatullah M Ed.
_9485808
245 0 _aConstitutional law of India
260 _aNew Delhi
_bArnold Heinemann
_c1984
942 _hV2:2:(Z), M4.1-.2
_cTEXL
_2CC
999 _c799975
_d799975